000
00257nam a2200109Ia 4500
008
190216s9999||||xx |||||||||||||| ||und||
100
_a
John G Blocker&Amp; Keith Weltmer W
245
0
_a
Cost Accounting
260
_b
Null
_c
1978
300
_a
623p
942
_c
BK
999
_c
4454
_d
4454